Teaching Speaking (Record no. 25375)

MARC details
000 -LEADER
fixed length control field 00704nam a22002297a 4500
003 - CONTROL NUMBER IDENTIFIER
control field OSt
005 - DATE AND TIME OF LATEST TRANSACTION
control field 20260629124324.0
008 - FIXED-LENGTH DATA ELEMENTS--GENERAL INFORMATION
fixed length control field 260629b |||||||| |||| 00| 0 eng d
020 ## - INTERNATIONAL STANDARD BOOK NUMBER
International Standard Book Number 9781945351921
040 ## - CATALOGING SOURCE
Transcribing agency Chuka University Library
050 ## - LIBRARY OF CONGRESS CALL NUMBER
Classification number PE 1128 .B54 2020
100 ## - MAIN ENTRY--PERSONAL NAME
Personal name Bleistein, Tasha
9 (RLIN) 31530
245 ## - TITLE STATEMENT
Title Teaching Speaking
250 ## - EDITION STATEMENT
Edition statement Revised Edition
260 ## - PUBLICATION, DISTRIBUTION, ETC.
Place of publication, distribution, etc. Virginia
Name of publisher, distributor, etc. Tesol Press
Date of publication, distribution, etc. 2020
650 ## - SUBJECT ADDED ENTRY--TOPICAL TERM
Topical term or geographic name entry element English Language-Study and Teaching-Foreign Speakers
9 (RLIN) 27965
650 ## - SUBJECT ADDED ENTRY--TOPICAL TERM
Topical term or geographic name entry element English Language-Spoken English
9 (RLIN) 31531
650 ## - SUBJECT ADDED ENTRY--TOPICAL TERM
Topical term or geographic name entry element Oral Communication-Study and Teaching
9 (RLIN) 31532
700 ## - ADDED ENTRY--PERSONAL NAME
Personal name Marilyn Lewis
9 (RLIN) 31533
700 ## - ADDED ENTRY--PERSONAL NAME
Personal name Melissa K. Smith
9 (RLIN) 31534
942 ## - ADDED ENTRY ELEMENTS (KOHA)
Source of classification or shelving scheme Library of Congress Classification
Koha item type Long Loan Books
Suppress in OPAC No
Holdings
Withdrawn status Lost status Source of classification or shelving scheme Damaged status Not for loan Collection Home library Current library Shelving location Date acquired Source of acquisition Total Checkouts Full call number Barcode Date last seen Cost, replacement price Price effective from Koha item type
    Library of Congress Classification     General Collection Books Main Campus Library Main Campus Library General Stacks 29/06/2026 Donations from book of Africa   PE 1128 .B54 2020 36242/2026 29/06/2026 2644.66 29/06/2026 Long Loan Books

Powered by Koha